Logo quiz Argentina #2 - Statistics

General Stats
  • This quiz has been taken 5 times
  • The average score is 16 of 24
Answer Stats
Picture Answer % Correct
Bagley
80%
Bagó
80%
El Topo
80%
Freddo
80%
Naranja X
80%
Pizzini
80%
Rey Momo
80%
Zanella
80%
Betos
60%
Cabrales
60%
Capitán del Espacio
60%
Dánica
60%
Despegar
60%
El Puente
60%
Ferrum
60%
Gandara
60%
Granix
60%
Ilolay
60%
Mantecol
60%
Paladini
60%
Rasti
60%
Sancor
60%
Solo Deportes
60%
Lumilagro
40%
No matching quizzes found
Score Distribution
Percent of People with Each Score
Percentile by Number Answered
Your Score History
You have not taken this quiz